1746 1112 1225 1092 1446 1097 1840 1502 1431 1285 1412 1534 1782 1851 1602 1038 1853 1974 1626 1421 1194 1563 1649 1652 1526 1735 1790 1502 1802 1723 1591 1751 1911 1522 1792 1608 1462 1020 1235 1192 1610 1699 1195 1972 1553 1400 1454 1588 1877 1902 1052 1653 1680 1627 1346 1676 1746 1355 1575 1937 1020 1272 1488 1840 1969 1031 1250 1536 1358 1846 1982 1660 1897 1667 1341 1600 1940 1836 1732 1792 1417 1721 1508 1598 1420 1571 1966 1127 1246 1334 1398 1949 1806 1766 1460 1237 1381 1544 1215 BCNSPRNW ULIB Ver.6.0+V

เปลี่ยนเป็นภาษาไทย

Change to English
 แสดงรายละเอียดบรรณานุกรม
  กลับหน้าหลัก

Brief Record : Get Marc (ISO 2709) : E-mail record : QR code < ปิดหน้าต่าง
LEADER : 00000nam 2200000uu 4500
001    13399114856
003     ULIB
008    120611s2550||||th 000 0 tha d
020    ^a9789740988755
060 04 ^aWA525^bก941ว 2550
245 00 ^aวิถีทางเลือกกับการพึ่งตนเอง :^bศาสนาความเชื่อกับการแสวงหาสุขภาวะ /^cโกมาตร จึงเสถียรทรัพย์ ... [และคนอื่นๆ]
246 31 ^aศาสนาความเชื่อกับการแสวงหาสุขภาวะ
250    ^aพิมพ์ครั้งที่ 1
260    ^aนนทบุรี :^bสำนักวิจัยสังคมและสุขภาพ (สวสส.),^c2550
300    ^a158 หน้า ;^c22 ซม.
650  7 ^aการดูแลสุขภาพด้วยตนเอง
650  7 ^aการดูแลสุขภาพด้วยตนเอง^xความเชื่อ
650  7 ^aการดูแลสุขภาพด้วยตนเอง^xแง่ศาสนา
650  7 ^aการพึ่งตนเอง
650  7 ^aการแพทย์ทางเลือก^xแง่สังคม
650  7 ^aการศึกษาชุมชน
650  7 ^aความเชื่อ
650  7 ^aชีวิตชุมชน^xแง่อนามัย
650  7 ^aชุมชน
650  7 ^aร่างกายและจิตใจ
650  7 ^aสังคมวิทยาการแพทย์
650  7 ^aสาธารณสุขมูลฐาน
650  7 ^aสุขภาพ
650  7 ^aสุขภาพ, การดูแล
650  7 ^aสุขภาพ^vวิจัย
700 0  ^aโกมาตร จึงเสถียรทรัพย์,^d2502-
710 2  ^aสำนักวิจัยสังคมและสุขภาพ
945    ^p150^l0^i14989
995    ^aกัณชพร
999    ^aใช้งานได้ทุกระบบ
รายการนี้ยังไม่มีแท็ก
คุณยังไม่ได้ล็อกอิน คุณสามารถมีกิจกรรมร่วมกับเว็บไซต์ได้ แต่ต้องล็อกอินก่อน ::
  ล็อกอิน

รายการสื่อสารสนเทศ

ลำดับที่ ประเภท เลขเรียก/บาร์โค้ด สถานที่ สถานะ
- ไม่พบข้อมูล -

รายการใกล้เคียง
    หัวเรื่อง [การดูแลสุขภาพด้วยตนเอง]
    หัวเรื่อง [การพึ่งตนเอง]
    หัวเรื่อง [การศึกษาชุมชน]
    หัวเรื่อง [ความเชื่อ]
    หัวเรื่อง [ชุมชน]
    หัวเรื่อง [ร่างกายและจิตใจ]
    หัวเรื่อง [สังคมวิทยาการแพทย์]
    หัวเรื่อง [สาธารณสุขมูลฐาน]
    หัวเรื่อง [สุขภาพ]
    หัวเรื่อง [สุขภาพ, การดูแล]

BibComment


ยังไม่เคยถูกคอมเมนท์

คอมเมนท์ทรัพยากรรายการนี้
  คอมเมนท์: วิถีทางเลือกกับก..


 Copyright 2026. Bcnsprnw @Library